|
|
|
|
| LEADER |
00000cam a22000004a 4500 |
| 001 |
musev2_51972 |
| 003 |
MdBmJHUP |
| 005 |
20230905045536.0 |
| 006 |
m o d |
| 007 |
cr||||||||nn|n |
| 008 |
160209m20169999quc o 00 0 fre d |
| 020 |
|
|
|a 9782760544123
|
| 020 |
|
|
|z 9782760544116
|
| 035 |
|
|
|a (OCoLC)1016795202
|
| 040 |
|
|
|a MdBmJHUP
|c MdBmJHUP
|
| 100 |
1 |
|
|a Tremblay, Pierre P.,
|d 1946-
|
| 245 |
1 |
2 |
|a L'argent de l'État : pourquoi et comment :
|b Tome 2 : la dépense /
|c Pierre P. Tremblay.
|
| 264 |
|
1 |
|a Quebec :
|b Presses de l'Universite du Quebec,
|c 2016.
|
| 264 |
|
3 |
|a Baltimore, Md. :
|b Project MUSE,
|c 2018
|
| 264 |
|
4 |
|c ©2016.
|
| 300 |
|
|
|a 1 online resource (252 pages).
|
| 336 |
|
|
|a text
|b txt
|2 rdacontent
|
| 337 |
|
|
|a computer
|b c
|2 rdamedia
|
| 338 |
|
|
|a online resource
|b cr
|2 rdacarrier
|
| 500 |
|
|
|a T. 2. Le revenu.
|
| 505 |
0 |
0 |
|g T. 2.
|t Le revenu.
|
| 588 |
|
|
|a Description based on print version record.
|
| 650 |
|
7 |
|a Revenue.
|2 fast
|0 (OCoLC)fst01096486
|
| 650 |
|
7 |
|a Fiscal policy.
|2 fast
|0 (OCoLC)fst00925806
|
| 650 |
|
7 |
|a Finance, Public.
|2 fast
|0 (OCoLC)fst00924477
|
| 650 |
|
6 |
|a Finances publiques
|z Quebec (Province)
|
| 650 |
|
6 |
|a Revenus de l'État
|z Quebec (Province)
|
| 650 |
|
6 |
|a Politique fiscale
|z Quebec (Province)
|
| 650 |
|
6 |
|a Finances publiques
|z Canada.
|
| 650 |
|
6 |
|a Revenus de l'État
|z Canada.
|
| 650 |
|
6 |
|a Politique fiscale
|z Canada.
|
| 650 |
|
0 |
|a Finance, Public
|z Quebec (Province)
|
| 650 |
|
0 |
|a Revenue
|z Quebec (Province)
|
| 650 |
|
0 |
|a Fiscal policy
|z Quebec (Province)
|
| 650 |
|
0 |
|a Finance, Public
|z Canada.
|
| 650 |
|
0 |
|a Revenue
|z Canada.
|
| 650 |
|
0 |
|a Fiscal policy
|z Canada.
|
| 651 |
|
7 |
|a Quebec.
|2 fast
|0 (OCoLC)fst01207316
|
| 651 |
|
7 |
|a Canada.
|2 fast
|0 (OCoLC)fst01204310
|
| 655 |
|
7 |
|a Electronic books.
|2 local
|
| 710 |
2 |
|
|a Project Muse.
|e distributor
|
| 830 |
|
0 |
|a Book collections on Project MUSE.
|
| 856 |
4 |
0 |
|z Texto completo
|u https://projectmuse.uam.elogim.com/book/51972/
|
| 945 |
|
|
|a Project MUSE - Custom Collection
|
| 945 |
|
|
|a Project MUSE - 2016 Complete Supplement
|
| 945 |
|
|
|a Project MUSE - 2016 Political Science and Policy Studies Supplement
|